000 00577cam a2200145 4500500
005 20260111092415.0
041 _afre
042 _adc
100 1 0 _aGaveau, Fabien
_eauthor
245 0 0 _aBernard Heude, La Sologne. Des moutons, des landes et des hommes, du XVIIIe siècle au Second Empire. Rennes, Presses universitaires de Rennes, 2012, 358 p.
260 _c2013.
500 _a61
786 0 _nÉtudes rurales | 191 | 1 | 2013-07-01 | p. 221d-231d | 0014-2182
856 4 1 _uhttps://shs.cairn.info/revue-etudes-rurales-2013-1-page-221d?lang=fr&redirect-ssocas=7080
999 _c1623521
_d1623521